[Event "LSS OP-2009-0-00979"]
[Site "LSS email"]
[Date "2009.10.27"]
[Round "?"]
[White "Broniek, Mariusz Maciej"]
[Black "Brams, Mary"]
[Result "1-0"]
[WhiteElo "2226"]
[BlackElo "1035"]
[PlyCount "35"]
[EventDate "2009.10.20"]
[EventType "tourn (corr)"]
[EventRounds "4"]
[EventCountry "GER"]
[SourceTitle "Telechess CBM 137"]
[Source "ChessBase"]
[SourceDate "2010.07.15"]
[SourceVersion "1"]
[SourceVersionDate "2010.07.15"]
[SourceQuality "1"]

1. e4 e6 2. d4 d5 3. Nc3 dxe4 4. Nxe4 Nf6 5. Nxf6+ gxf6 6. Nf3 c6 7. c4 Qb6 8. Be2 c5 9. 0-0 Nc6 10. d5 Ne5 11. Nxe5 fxe5 12. Bh5 exd5 13. Qxd5 Qe6 14. Re1 Qxd5 15. cxd5 Bd6 16. f4 0-0 17. fxe5 Be7 18. Bh6 1-0

[Event "LSS OP-2009-0-00979"]
[Site "LSS email"]
[Date "2009.10.26"]
[Round "?"]
[White "Brams, Mary"]
[Black "Richter, Klaus"]
[Result "0-1"]
[WhiteElo "856"]
[BlackElo "1463"]
[PlyCount "24"]
[EventDate "2009.10.20"]
[EventType "tourn (corr)"]
[EventRounds "4"]
[EventCountry "GER"]
[SourceTitle "Corr 2015"]
[Source "ChessBase"]
[SourceDate "2015.07.17"]
[SourceVersion "1"]
[SourceVersionDate "2015.07.17"]
[SourceQuality "1"]

1. e4 c5 2. Nc3 Nc6 3. Bc4 Nf6 4. f4 Nxe4 5. Bxf7+ Kxf7 6. Qh5+ g6 7. Qd5+ e6 8. Qxe4 Nb4 9. Kd1 d5 10. Qe2 d4 11. Ne4 d3 12. Qf2 dxc2+ 0-1

[Event "LSS OP-2009-0-00979"]
[Site "LSS email"]
[Date "2009.10.26"]
[Round "?"]
[White "Garcia, Sergio"]
[Black "Brams, Mary"]
[Result "1/2-1/2"]
[WhiteElo "625"]
[BlackElo "865"]
[PlyCount "92"]
[EventDate "2009.10.20"]
[EventType "tourn (corr)"]
[EventRounds "4"]
[EventCountry "GER"]
[SourceTitle "Telechess CBM 137"]
[Source "ChessBase"]
[SourceDate "2010.07.15"]
[SourceVersion "1"]
[SourceVersionDate "2010.07.15"]
[SourceQuality "1"]

1. e4 d5 2. exd5 Qxd5 3. Nc3 Qd6 4. d4 Nf6 5. Nf3 e6 6. Bd3 c6 7. 0-0 Be7 8. Ne4 Nxe4 9. Bxe4 h6 10. c4 Nd7 11. Re1 f5 12. Bc2 b6 13. Bf4 Qb4 14. Rxe6 Nf6 15. Rxc6 Bd7 16. Rc7 Bd6 17. Bxd6 Qxd6 18. Qe2+ Kd8 19. Rxd7+ Nxd7 20. Bxf5 g6 21. Bxd7 Qxd7 22. Qe4 Rc8 23. Qxg6 Qh7 24. Qxh7 Rxh7 25. Ne5 Rhc7 26. d5 Rxc4 27. Nxc4 Rxc4 28. a4 Rd4 29. a5 bxa5 30. f4 Rxd5 31. b4 axb4 32. Rxa7 Kc8 33. Ra1 Kd7 34. Rb1 Rb5 35. Kf2 Ke6 36. g4 b3 37. f5+ Kf6 38. h4 h5 39. gxh5 Rxf5+ 40. Kg3 Rb5 41. Rf1+ Kg7 42. Kg4 Kg8 43. h6 Kh7 44. Kf4 b2 45. Rb1 Kxh6 46. Ke3 Kh5 1/2-1/2

[Event "LSS OP-2009-0-00950"]
[Site "LSS email"]
[Date "2009.09.26"]
[Round "?"]
[White "Brams, Mary"]
[Black "Alonso, Javier"]
[Result "1-0"]
[WhiteElo "856"]
[BlackElo "753"]
[PlyCount "27"]
[EventDate "2009.09.19"]
[EventType "tourn (corr)"]
[EventRounds "4"]
[EventCountry "GER"]
[SourceTitle "Corr 2015"]
[Source "ChessBase"]
[SourceDate "2015.07.17"]
[SourceVersion "1"]
[SourceVersionDate "2015.07.17"]
[SourceQuality "1"]

1. e4 e5 2. Nf3 Nc6 3. Bc4 Nf6 4. d4 exd4 5. Ng5 d5 6. exd5 Nxd5 7. 0-0 Be6 8. Re1 Bb4 9. Rxe6+ fxe6 10. Nxe6 Qd7 11. Bxd5 Rc8 12. Qe2 Rf8 13. Bg5 h6 14. Nc5+ 1-0

[Event "LSS OP-2009-0-00751"]
[Site "LSS email"]
[Date "2009.02.14"]
[Round "?"]
[White "Motz, Markus"]
[Black "Brams, Mary"]
[Result "0-1"]
[WhiteElo "1729"]
[BlackElo "800"]
[PlyCount "54"]
[EventDate "2009.02.09"]
[EventType "tourn (corr)"]
[EventRounds "4"]
[EventCountry "GER"]
[SourceTitle "Corr 2011"]
[Source "ChessBase"]
[SourceDate "2010.08.31"]
[SourceVersion "1"]
[SourceVersionDate "2010.08.31"]
[SourceQuality "1"]

1. d4 d6 2. c4 Nf6 3. Nc3 Nbd7 4. e4 e5 5. Nf3 Be7 6. Be2 c6 7. 0-0 h6 8. dxe5 dxe5 9. Qc2 0-0 10. h3 Bd6 11. Rd1 Qe7 12. Be3 b6 13. a3 a5 14. Rd2 Nh5 15. Rad1 Bc7 16. Nh2 Ndf6 17. Ng4 Nf4 18. Bxf4 exf4 19. f3 Nxg4 20. hxg4 b5 21. cxb5 Bb6+ 22. Kf1 Qh4 23. Bc4 Qh1+ 24. Ke2 Qxg2+ 25. Ke1 Qg1+ 26. Bf1 Qg3+ 27. Ke2 Qf2+ 0-1